Spanish Verb Tenses (Hard) - Statistics

General Stats
  • This quiz has been taken 28 times
  • The average score is 6 of 14
Answer Stats
Hint Answer % Correct
Vengo Present
92%
Venías Imperfect
73%
Vendré Future
69%
Vino Preterite
65%
Vendríamos Conditional
50%
Habíais estado Pluperfect
35%
Ha comprado Present Perfect
31%
Habrán aparecido Future Perfect
27%
¡Oye! Imperative
27%
Aparezca Present Subjunctive
27%
Habrías visto Conditional Perfect
23%
Comieran Imperfect Subjunctive
23%
Hubiera sentido Pluperfect Subjunctive
15%
Haya sido Present Perfect Subjunctive
12%
No matching quizzes found
Score Distribution
Percent of People with Each Score
Percentile by Number Answered
Your Score History
You have not taken this quiz